Philippians: (Record no. 6377)

MARC details
000 -LEADER
fixed length control field 00538nam a22001817a 4500
003 - CONTROL NUMBER IDENTIFIER
control field GBCCL
005 - DATE AND TIME OF LATEST TRANSACTION
control field 20241126110601.0
008 - FIXED-LENGTH DATA ELEMENTS--GENERAL INFORMATION
fixed length control field 180511b ||||| |||| 00| 0 eng d
040 ## - CATALOGING SOURCE
Transcribing agency gbc
082 ## - DEWEY DECIMAL CLASSIFICATION NUMBER
Classification number 227.6007
Item number ROB
100 ## - MAIN ENTRY--PERSONAL NAME
Personal name Robbins, Ray Frank
9 (RLIN) 11429
245 ## - TITLE STATEMENT
Title Philippians:
Remainder of title Rejoice in the Lord /
Statement of responsibility, etc. Ray Frank Robbins
260 ## - PUBLICATION, DISTRIBUTION, ETC.
Name of publisher, distributor, etc. Convention Press,
Place of publication, distribution, etc. Nashville:
Date of publication, distribution, etc. 1980
300 ## - PHYSICAL DESCRIPTION
Extent 143 p.;
Other physical details ill.,
Dimensions 20 cm.
440 ## - SERIES STATEMENT/ADDED ENTRY--TITLE
Title January Bible Study
9 (RLIN) 8595
650 ## - SUBJECT ADDED ENTRY--TOPICAL TERM
Topical term or geographic name entry element Bible
Form subdivision Philippians
General subdivision Study and teaching
9 (RLIN) 11140
942 ## - ADDED ENTRY ELEMENTS (KOHA)
Source of classification or shelving scheme Dewey Decimal Classification
Koha item type Books
Koha issues (borrowed), all copies 2
Holdings
Withdrawn status Lost status Source of classification or shelving scheme Damaged status Not for loan Home library Current Library Shelving location Date acquired Total checkouts Full call number Barcode Date last seen Date last checked out Copy number Price effective from Koha item type
    Dewey Decimal Classification     GRACE BIBLE COLLEGE GRACE BIBLE COLLEGE Biblical Studies 2018-05-11 3 227.6007 ROB 008329 2026-03-10 2026-03-02 c.1 2018-05-11 Books
© Grace Bible College Library 2025